000 007240000a22002290004500
003 LK-CoMWRAF
005 20231102122613.0
008 230817t1997 ||||| |||| 00| 0 eng d
020 _a1859739156
040 _aLK-CoMWRAF
_dLK-CoMWRAF
_eLK-CoMWRAF
041 _aeng
082 _a305.4
_bORG
245 _aOrganizing women:
_bFormal and Internal women's groups in the Middle East
260 _aNew York:
_bBerg,
_c1997
300 _axv, 244 p. ; 23 cm
_bBibliography and index included
490 _aCross-cultural perspectives on women
650 _aWomen-Middle East-Societies and clubs.
650 _aWomen-Middle East-Social conditions.
700 _aChatty, Dawn
_eed.
700 _aRabo, Annika
_eed.
942 _cBK
999 _c75
_d75